=LDR 00000nam 2200000 4500 =001 NUTBA000000000004880 =005 20200304083546 =035 ##$$a 0010-101400000000110 =008 200304################g##########0#ind## =020 ##$$a 978-979-1090-47-6 =082 ##$$a 005.3 =090 ##$$a 005.3 Ard m =100 ##$$a Ardi Nursyamsu =245 1#$$a Masuki Dunia Hacker Dengan C++ /$c Ardi Nursyamsu =260 ##$$a [s.l] :$b Jasakom,$c 2002 =300 ##$$a x, 272 hlm. : $b ilus. ; $c 15x21 cm. =084 ##$$a 005.3 ARD m =650 #4$$a Komputer, Program - Hacker =990 ##$$a 51300107